Responses for Show #4324 - Thursday, May 22, 2003

Contestants

[<< previous game]

Armando Batastini, an attorney from Harmony, Rhode Island

Mikki Deschaine, an executive assistant from Stratham, New Hampshire

Andy Hejl, a graduate student from Pasadena, California (whose 1-day cash winnings total $5,600)

[next game >>]

Jeopardy! Round responses

STATE LAKES
(Alex: You have to identify the state.)
WOMEN OF POP
IS THERE A POINT TO ALL THIS?
POL POT-POURRI
I'M JUST RUNNING IN FOR...
AT THE "Y"
    $200 1
Ohio

Mikki
    $200 2
Olivia Newton-John

Mikki
    $200 22
grade point average

Mikki
    $200 21
Paris

Andy
    $200 11
cat food

Mikki
    $200 16
(Armando: Who is Yankee Doodle Dandy?)

Yankee Doodle

Armando
    $400 6
Wyoming

Andy
    $400 3
Whitney Houston

Mikki
    $400 23
toes

Andy
    $400 27
Phnom Penh

Mikki
    $400 12
panty hose/stockings

Armando
    $400 17
yacht

Andy
    $600 7
Oregon

Mikki
    $600 4
Martha Reeves

Triple Stumper
    $600 24
West Point

Andy
    $600 28
Khmer Rouge

Andy
    $600 13
twine

Mikki
    $600 18
yard sale

Andy
    $800 9
Maine

Andy
    $800 5
Christina Aguilera

Andy
    $800 25
(Alex: With a minute to go.)

Pointillism

Andy
    $800 29
1975

Mikki
    $800 14
$7.40

Andy
    $800 19
Yalta

Armando
    $1000 10
Missouri

Andy
    $1000 8
(Alex: It helps when you do the first half of it as well as the clue we're going for... right?)

"I Don't Want To Be Right"

Andy
    $1000 26
vanishing point

Triple Stumper
    $1,400 30
The Killing Fields

Mikki
    $1000 15
brads

Mikki
    $1000 20
Yellowknife

Triple Stumper

Scores at the first commercial break (after clue 15):

Andy Mikki Armando
$4,800 $3,200 $400

Scores at the end of the Jeopardy! Round:

Andy Mikki Armando
$8,400 $6,000 $1,400

Double Jeopardy! Round responses

SCIENCE
MY PEOPLE CALL YOUR PEOPLE...
CLEANUP TIME
CAPITAL CITY BIRTHPLACES
BEFORE THEY WON OSCARS
"CAN"NED WORDS
    $400 2
magnet

Armando
    $400 21
(Armando: What is Polish?)

Russian

AndyArmando
    $400 16
(Mikki: Who are Johnson and Johnson?)

S.C. Johnson

Mikki
Triple Stumper
    $400 1
Ottawa

Andy
    $400 4
Charlie's Angels

Mikki
    $800 6
DNA

Andy
    $800 22
(Alex: A minute to go.)

Switzerland

Andy
    $800 17
rag

Andy
    $800 3
London

Mikki
    $800 5
Hilary Swank

Andy
    $1200 7
Pluto

Andy
    $1200 23
Brazil

Mikki
    $1200 18
car wash

Mikki
    $1200 9
Berlin

Andy
    $1200 13
Benicio del Toro

Triple Stumper
    $1200 28
[The end-of-round signal sounds.]

cantankerous

Andy
    $1600 8
Gobi

Armando
    $1600 24
(Armando: What is English?)

England

Armando
    $1600 19
soap

Mikki
    $4,000 11
(Andy: What is Stockholm?)

Copenhagen

Andy
    $1600 14
Lee Marvin

Mikki
    $1600 27
Canton

Andy
    $4,000 10
(Alex: I should like to point out, ladies and gentlemen, that Andy is a graduate student in chemistry, and that sure helped in this category!)

octanes

Andy
    $2000 25
Finnish

Andy
    $2000 20
steam

Mikki
    $2000 12
Buenos Aires

Triple Stumper
    $2000 15
(Armando: Who is Richard Burton?)
(Andy: Who is Timothy Dalton?)

Anthony Hopkins

AndyArmando
Triple Stumper
    $2000 26
(Armando: What is the circumcision of Jesus?)

Candlemas

Armando
Triple Stumper

Scores at the end of the Double Jeopardy! Round:

Andy Mikki Armando
$17,600 $14,400 $600

[wagering suggestions for these scores]

Final Jeopardy! Round responses

ECONOMIC HISTORY
ArmandoWhat are tarriffs?
$0
MikkiWhat are tariffs?
$10,600
AndyWhat are tarriffs?
$12,000
tariffs

Final scores:

Andy Mikki Armando
$29,600 $25,000 $600
2-day champion: $35,200 2nd place: $2,000 3rd place: $1,000

Game dynamics:

Coryat scores:

Andy Mikki Armando
$19,600 $14,000 $600
25 R
(including 1 DD),
2 W
(including 1 DD)
18 R
(including 1 DD),
1 W
6 R,
3 W

Combined Coryat: $34,200

[game clues] [game scores] [suggest correction]

Game tape date: 2003-02-04
The J! Archive is created by fans, for fans. Scraping, republication, monetization, and malicious use prohibited; this site may use cookies and collect identifying information. See terms. The Jeopardy! game show and all elements thereof, including but not limited to copyright and trademark thereto, are the property of Jeopardy Productions, Inc. and are protected under law. This website is not affiliated with, sponsored by, or operated by Jeopardy Productions, Inc. Join the discussion at JBoard.tv.